01325nam a2200313 i 4500001001000000003000900010005001700019007000300036008004100039040003000080041000800110082001800118245021700136264006300353300004100416336002700457337003300484338002800517590002600545650003100571700003400602700003500636700003600671910000700707942001400714952012500728952014100853999001700994000009725DO-SdBNP20250909142332.0ta240220s2009 dr 000 p spa d aDO-SdBNPbspacBNPHUerda aspa axxxbR97222210aLa ruta hacia el crecimiento sostenible en la República Dominicana :bfiscalidad, competitividad, institucionalidad, electricidad. /ceditores Manuel Agosin, Osmel Manzano, Rafael Rodriguez-Balza, Ernesto Stein aWshington, DC :bBanco Interamericano de Desarrollo,c2009 a355 paginas. :bGráficos ;c28 cm. 2rdacontentatextobtxt 2rdamediaasin mediaciónbn 2rdacarrieravolumenbnc aInventariado, 2024/DG 0aLiteratura dominicana.9671 aAgosin, Manueleeditor9622651 aManzano, Osmel eeditor9886041 aRodriguez-Balza,eeditor988605 aDG 2ddccLBS1 00102ddc51708DSaBNPHUbBNPHUcCTd2024-02-20edonaciónl0oBNPHU PD R972p2024-1142r2024-02-20w2024-02-20yLBS1 00102ddc51708PDaBNPHUbBNPHUcCTd2025-09-09edonaciónl0oBNPHU PD R972p2025-9849r2025-09-09w2025-09-09yLBS1zChiqui Vicioso c55973d55973